000 00569nam a2200229Ia 4500
003 OSt
005 20250717192812.0
008 210423s2010 xx 000 0 und d
020 _a195699386
040 _cAL
041 _aEnglish
082 _a070.415
_bRAMW
100 _aUsha Raman
_983077
245 _aWriting for the media
260 _aOxford
_bOxford University Press
_c2010
300 _axv,400p.
_bPB
_c24x18.5cm.
365 _b285
_cINR
650 _aEditing
_983078
650 _aJournalism
_983079
906 _amedia. ; Writing
942 _2ddc
_cBK
999 _c158679
_d158679